[Event "Olympiad-41"]
[Site "Tromsoe"]
[Date "2014.08.08"]
[Round "6.2"]
[White "Grischuk, Alexander"]
[Black "Filippov, Anton"]
[Result "1-0"]
[WhiteElo "2795"]
[BlackElo "2615"]
[PlyCount "55"]
[EventDate "2014.08.02"]
[EventType "team-swiss"]
[EventRounds "11"]
[EventCountry "NOR"]
[SourceTitle "CBM 162"]
[Source "ChessBase"]
[SourceDate "2014.09.17"]
[SourceVersion "1"]
[SourceVersionDate "2014.09.17"]
[SourceQuality "1"]
[WhiteTeam "Russia"]
[BlackTeam "Uzbekistan"]
[WhiteTeamCountry "RUS"]
[BlackTeamCountry "UZB"]

1. d4 Nf6 2. c4 e6 3. Nf3 Bb4+ 4. Nbd2 0-0 5. a3 Be7 6. e4 d5 7. e5 Nfd7 8. Bd3 c5 9. Qc2 h6 10. 0-0 Nc6 11. Nb3 cxd4 12. Re1 Qb6 13. Bf4 a5 14. Rad1 Nc5 15. Nxc5 Qxc5 16. Qe2 Rd8 17. h4 Kf8 18. Rc1 Qb6 19. cxd5 exd5 20. Ng5 hxg5 21. Qh5 Ke8 22. e6 Bxe6 23. Rxe6 gxf4 24. Bf5 g6 25. Rxg6 Qc7 26. Re1 fxg6 27. Qh8+ Kf7 28. Be6# 1-0

[Event "Olympiad-41"]
[Site "Tromsoe"]
[Date "2014.08.05"]
[Round "4.2"]
[White "Meier, Georg"]
[Black "Filippov, Anton"]
[Result "1-0"]
[WhiteElo "2646"]
[BlackElo "2615"]
[PlyCount "131"]
[EventDate "2014.08.02"]
[EventType "team-swiss"]
[EventRounds "11"]
[EventCountry "NOR"]
[SourceTitle "CBM 162"]
[Source "ChessBase"]
[SourceDate "2014.09.17"]
[SourceVersion "1"]
[SourceVersionDate "2014.09.17"]
[SourceQuality "1"]
[WhiteTeam "Germany"]
[BlackTeam "Uzbekistan"]
[WhiteTeamCountry "GER"]
[BlackTeamCountry "UZB"]

1. Nf3 Nf6 2. c4 e6 3. g3 d5 4. Bg2 dxc4 5. Qa4+ Nbd7 6. Qxc4 a6 7. Qc2 c5 8. Nc3 Ra7 9. 0-0 b6 10. d4 Bb7 11. e4 cxd4 12. Nxd4 Bc5 13. Nb3 Be7 14. Rd1 Qb8 15. Bf4 e5 16. Be3 0-0 17. Rac1 Ba8 18. Qe2 Rc8 19. Nd5 Bd8 20. Nxf6+ Nxf6 21. Rxc8 Qxc8 22. Bh3 Qb8 23. f3 Bc6 24. Qd3 Ra8 25. Qd6 Bb5 26. Qxb8 Rxb8 27. Rc1 Ne8 28. Nd2 Nd6 29. b3 Kf8 30. f4 f6 31. Nf3 Nxe4 32. Bf5 Nd6 33. Bxh7 e4 34. Nd4 Kf7 35. f5 Bd7 36. Nc6 Bxc6 37. Rxc6 Nc8 38. Bg6+ Kf8 39. Re6 Ne7 40. Rxe4 Bc7 41. Re6 Rd8 42. Bxb6 Bxb6+ 43. Rxb6 a5 44. h4 Nd5 45. Re6 Nb4 46. a4 Nc2 47. Kf2 Rb8 48. Ra6 Rxb3 49. Ra8+ Ke7 50. Ra7+ Kd6 51. Rxg7 Ne3 52. Ra7 Ng4+ 53. Ke2 Rb2+ 54. Kd3 Rb3+ 55. Kd2 Rxg3 56. Rxa5 Nf2 57. h5 Ne4+ 58. Kc2 Rh3 59. Ra8 Kc5 60. a5 Kb5 61. a6 Rh2+ 62. Kd3 Nc5+ 63. Kd4 Rh4+ 64. Kd5 Ne4 65. Ke6 Kb6 66. Kf7 1-0

[Event "Agzamov Memorial 08th"]
[Site "Tashkent"]
[Date "2014.05.23"]
[Round "9"]
[White "Filippov, Anton"]
[Black "Mirzoeva, Elmira"]
[Result "1-0"]
[WhiteElo "2619"]
[BlackElo "2233"]
[PlyCount "89"]
[EventDate "2014.05.15"]
[EventType "swiss"]
[EventRounds "9"]
[EventCountry "UZB"]
[SourceTitle "CBM 160 Extra"]
[Source "ChessBase"]
[SourceDate "2014.07.01"]
[SourceVersion "1"]
[SourceVersionDate "2014.07.01"]
[SourceQuality "1"]

1. e4 c6 2. d4 d5 3. Nc3 dxe4 4. Nxe4 Bf5 5. Ng3 Bg6 6. h4 h6 7. Nf3 Nd7 8. h5 Bh7 9. Bd3 Bxd3 10. Qxd3 e6 11. Bd2 Ngf6 12. 0-0-0 Qc7 13. Ne4 0-0-0 14. g3 Nc5 15. Nxc5 Bxc5 16. c4 Qe7 17. a3 Bb6 18. Be3 c5 19. Qe2 Rhe8 20. b4 cxd4 21. Nxd4 Bxd4 22. Bxd4 Qc7 23. Kb2 Rd7 24. Bc3 Red8 25. Rxd7 Rxd7 26. g4 Qf4 27. f3 Nh7 28. Kb3 Ng5 29. Be5 Rd2 30. Bxf4 Rxe2 31. Rf1 e5 32. Bc1 f6 33. c5 a6 34. Kc4 Kc7 35. Bxg5 hxg5 36. Rd1 e4 37. fxe4 Rxe4+ 38. Rd4 Re5 39. a4 f5 40. gxf5 Rxf5 41. b5 axb5+ 42. axb5 Re5 43. Rd5 Re4+ 44. Kc3 Rg4 45. Rf5 1-0

[Event "Agzamov Memorial 08th"]
[Site "Tashkent"]
[Date "2014.05.17"]
[Round "3"]
[White "Filippov, Anton"]
[Black "Tillyaev, Ulugbek"]
[Result "1-0"]
[WhiteElo "2619"]
[BlackElo "2337"]
[PlyCount "105"]
[EventDate "2014.05.15"]
[EventType "swiss"]
[EventRounds "9"]
[EventCountry "UZB"]
[SourceTitle "CBM 160 Extra"]
[Source "ChessBase"]
[SourceDate "2014.07.01"]
[SourceVersion "1"]
[SourceVersionDate "2014.07.01"]
[SourceQuality "1"]

1. e4 Nf6 2. e5 Nd5 3. d4 d6 4. Nf3 Bg4 5. Be2 e6 6. 0-0 Be7 7. c4 Nb6 8. Nc3 0-0 9. Be3 Nc6 10. exd6 cxd6 11. d5 exd5 12. Nxd5 Nxd5 13. Qxd5 Bf6 14. Qd2 Qa5 15. Rfd1 Rfd8 16. h3 Be6 17. Nd4 Qxd2 18. Rxd2 Bxd4 19. Bxd4 Nxd4 20. Rxd4 Kf8 21. Rad1 Ke7 22. f4 Rac8 23. b3 Rc5 24. g4 g6 25. Kf2 a5 26. a4 Rd7 27. Bf3 b6 28. Kg3 h6 29. R1d2 Rd8 30. h4 Rd7 31. h5 gxh5 32. f5 hxg4 33. fxe6 fxe6 34. Rxg4 Kf6 35. Rh2 h5 36. Rf4+ Kg6 37. Be4+ Kg7 38. Kh4 Rf7 39. Rhf2 Rxf4+ 40. Rxf4 d5 41. cxd5 exd5 42. Bf3 b5 43. Be2 bxa4 44. bxa4 Rc2 45. Bxh5 Rh2+ 46. Kg5 Rd2 47. Kf5 d4 48. Be8 d3 49. Bb5 Rd1 50. Ke4 d2 51. Kd3 Kg6 52. Rf2 Kg5 53. Rxd2 1-0

[Event "Agzamov Memorial 08th"]
[Site "Tashkent"]
[Date "2014.05.16"]
[Round "2"]
[White "Kurbonboeva, Sarvinoz"]
[Black "Filippov, Anton"]
[Result "0-1"]
[WhiteElo "2207"]
[BlackElo "2619"]
[PlyCount "70"]
[EventDate "2014.05.15"]
[EventType "swiss"]
[EventRounds "9"]
[EventCountry "UZB"]
[SourceTitle "CBM 160 Extra"]
[Source "ChessBase"]
[SourceDate "2014.07.01"]
[SourceVersion "1"]
[SourceVersionDate "2014.07.01"]
[SourceQuality "1"]

1. Nf3 Nf6 2. c4 e6 3. Nc3 Bb4 4. Qc2 c5 5. e3 0-0 6. a3 Ba5 7. Be2 d5 8. 0-0 dxc4 9. Ne4 b5 10. Nxf6+ Qxf6 11. Ng5 Qxg5 12. Bf3 Nc6 13. Bxc6 Rb8 14. a4 b4 15. f4 Qe7 16. Bb5 Bb7 17. Bxc4 b3 18. Bxb3 Bxg2 19. Kxg2 Qb7+ 20. Rf3 Qxb3 21. Qxb3 Rxb3 22. e4 Rxf3 23. Kxf3 Rd8 24. Ke2 c4 25. Ra3 f6 26. Re3 Rd4 27. f5 Kf7 28. Kd1 Bc7 29. b3 exf5 30. exf5 Bxh2 31. Bb2 Rf4 32. Rh3 Bg1 33. b4 Rxf5 34. Rxh7 Rf1+ 35. Kc2 Rf4 0-1

[Event "Al Ain op 2nd"]
[Site "Al Ain"]
[Date "2013.12.19"]
[Round "1"]
[White "Khatanbaatar, Bazar"]
[Black "Filippov, Anton"]
[Result "1-0"]
[WhiteElo "2329"]
[BlackElo "2634"]
[PlyCount "85"]
[EventDate "2013.12.19"]
[EventType "swiss"]
[EventRounds "9"]
[EventCountry "UAE"]
[SourceTitle "CBM 158 Extra"]
[Source "ChessBase"]
[SourceDate "2014.02.28"]
[SourceVersion "1"]
[SourceVersionDate "2014.02.28"]
[SourceQuality "1"]

1. e4 e5 2. Nf3 Nc6 3. d4 exd4 4. Nxd4 Nf6 5. Nc3 Bb4 6. Nxc6 bxc6 7. Bd3 d5 8. exd5 cxd5 9. 0-0 0-0 10. Bg5 c6 11. h3 h6 12. Bf4 Bd6 13. Qf3 Rb8 14. b3 Be6 15. Ne2 c5 16. Rad1 a5 17. Ng3 a4 18. Rfe1 Bxf4 19. Qxf4 Rb4 20. Qf3 Qc7 21. c3 Rf4 22. Qe2 Rb8 23. Qc2 Qc8 24. Re5 axb3 25. axb3 Rb6 26. Qd2 Rh4 27. Nf5 Bxf5 28. Bxf5 Qb8 29. Rxd5 Nxd5 30. Qxd5 g6 31. Qxc5 Rh5 32. Qe7 Rxf5 33. Rd8+ Kh7 34. Rxb8 Rxb8 35. g4 Rfb5 36. Qxf7+ Kh8 37. Qxg6 R5b6 38. Qh5 Rxb3 39. Qxh6+ Kg8 40. Qe6+ Kg7 41. Qe5+ Kh7 42. Kg2 R3b6 43. c4 1-0

[Event "Barcelona Sants op 15th"]
[Site "Barcelona"]
[Date "2013.08.26"]
[Round "4"]
[White "Bailet, Pierre"]
[Black "Filippov, Anton"]
[Result "0-1"]
[WhiteElo "2474"]
[BlackElo "2630"]
[PlyCount "66"]
[EventDate "2013.08.23"]
[EventType "swiss"]
[EventRounds "10"]
[EventCountry "ESP"]
[SourceTitle "CBM 156 Extra"]
[Source "ChessBase"]
[SourceDate "2013.10.22"]
[SourceVersion "1"]
[SourceVersionDate "2013.10.22"]
[SourceQuality "1"]

1. e4 e5 2. Nf3 Nc6 3. Bb5 a6 4. Ba4 Nf6 5. 0-0 Be7 6. Re1 b5 7. Bb3 0-0 8. c3 d5 9. d4 dxe4 10. Nxe5 Nxe5 11. dxe5 Qxd1 12. Bxd1 Nd7 13. Bc2 Nxe5 14. Bxe4 Rb8 15. Bf4 Bd6 16. Bxe5 Bxe5 17. Bxh7+ Kxh7 18. Rxe5 Rd8 19. f3 Rd1+ 20. Kf2 Be6 21. Re1 Rbd8 22. b3 Bf5 23. g4 Bg6 24. h4 Kh6 25. f4 f5 26. h5 Bf7 27. Re7 R8d7 28. Rxd7 Rxd7 29. gxf5 Rd1 30. a4 b4 31. cxb4 Bxb3 32. b5 a5 33. Ke2 Kxh5 0-1